|
|
|
|
| LEADER |
00725nam a2200205 a 4500 |
| 001 |
c000068191 |
| 003 |
CARM |
| 005 |
00000000000000.0 |
| 008 |
841031s1962 enk 00011 eng d |
| 019 |
1 |
|
|a 3455543
|5 LACONCORD2021
|
| 035 |
|
|
|a (OCoLC)1441764
|5 LACONCORD2021
|
| 040 |
|
|
|a VBX
|c VBX
|
| 082 |
1 |
|
|a 823.914
|2 19
|
| 100 |
1 |
|
|a Fenwick, Elizabeth,
|d 1920-
|
| 245 |
1 |
2 |
|a A friend of Mary Rose /
|c by Elizabeth Fenwick.
|
| 260 |
|
|
|a London :
|b Gollancz,
|c 1962.
|
| 300 |
|
|
|a 187 p. ;
|c 20 cm.
|
| 852 |
8 |
|
|b CARM
|h A2:AB37A0
|i B03001
|p 0118747
|f BK
|
| 999 |
f |
f |
|i c93353a3-05c3-5c54-9c26-7833c1fe12ee
|s a812a36c-9c7d-551c-a646-040ff94ccd90
|
| 952 |
f |
f |
|p Can circulate
|a CAVAL
|b CAVAL
|c CAVAL
|d CARM 1 Store
|e B03001
|f A2:AB37A0
|h Other scheme
|i book
|m 0118747
|